|
|
|
|
| LEADER |
01266nam a22002417a 4500 |
| 001 |
AAL6982 |
| 003 |
BD-DhAAL |
| 005 |
20160207151636.0 |
| 008 |
160207s 2008bg a|||| b||| 00| 0 eng d |
| 020 |
|
|
|a 9843000007881
|
| 040 |
|
|
|a BD-DhAAL
|c BD-DhAAL
|
| 082 |
|
|
|a 954.03
|
| 100 |
|
|
|a সাহা, দিলীপ কুমার
|9 17816
|
| 245 |
|
|
|a ব্রিটিশ ঔপনিবেশিক শাসনামলে ভারতে প্রশাসনিক এবং শাসনতান্ত্রিক বিকাশ /
|c দিলীপ কুমার সাহা
|
| 260 |
|
|
|a ঢাকা :
|b সৌরভ প্রকাশন,
|c ২০০৮
|
| 300 |
|
|
|a ৩৪৫ পৃ. :
|b চিত্র ;
|c ২২ সে.মি.
|
| 504 |
|
|
|6 Includes bibliographies
|
| 541 |
|
|
|e 6982
|
| 651 |
|
|
|a India
|x History
|x Congresses.
|y British occupation, 1765-1947
|9 17817
|
| 942 |
|
|
|2 ddc
|c BK
|
| 999 |
|
|
|c 36792
|d 36792
|
| 952 |
|
|
|0 0
|1 0
|2 ddc
|4 0
|6 954_030000000000000_SHA
|7 0
|9 57900
|a SCL
|b SCL
|c GEN
|d 2016-02-07
|g 170.00
|l 10
|m 1
|o 954.03 SHA
|p 3020006982
|r 2024-02-24
|s 2024-02-19
|t 1
|w 2016-02-07
|y BK
|
| 952 |
|
|
|0 0
|1 0
|2 ddc
|4 0
|6 954_030000000000000_SHA
|7 0
|9 57947
|a SCL
|b SCL
|c GEN
|d 2016-02-08
|g 170.00
|l 13
|m 10
|o 954.03 SHA
|p 3020006981
|r 2025-07-17
|s 2025-07-03
|t 2
|w 2016-02-08
|y BK
|